Welcome to CU Library Online Public Access Catalogue (OPAC)

Environmental geology / (Record no. 1979)

MARC details
000 -LEADER
fixed length control field 00587nam a2200205 a 4500
001 - CONTROL NUMBER
control field 1073543
005 - DATE AND TIME OF LATEST TRANSACTION
control field 20241209101917.0
008 - FIXED-LENGTH DATA ELEMENTS--GENERAL INFORMATION
fixed length control field 910621s1992 iaua b 001 0 eng
020 ## - INTERNATIONAL STANDARD BOOK NUMBER
International Standard Book Number 0697098117
020 ## - INTERNATIONAL STANDARD BOOK NUMBER
International Standard Book Number 9780697145536
050 00 - LIBRARY OF CONGRESS CALL NUMBER
Classification number QE38
Item number .M66 1992
082 00 - DEWEY DECIMAL CLASSIFICATION NUMBER
Classification number 550
Edition information 20
100 1# - MAIN ENTRY--PERSONAL NAME
Personal name Montgomery, Carla W.,
Dates associated with a name 1951-
245 10 - TITLE STATEMENT
Title Environmental geology /
Statement of responsibility, etc. Carla W. Montgomery.
250 ## - EDITION STATEMENT
Edition statement 3rd ed.
260 ## - PUBLICATION, DISTRIBUTION, ETC.
Place of publication, distribution, etc. Dubuque, Iowa :
Name of publisher, distributor, etc. Wm. C. Brown,
Date of publication, distribution, etc. c1992.
300 ## - PHYSICAL DESCRIPTION
Extent xiv, 466 p. :
Other physical details ill. (some col.) ;
Dimensions 29 cm.
650 #0 - SUBJECT ADDED ENTRY--TOPICAL TERM
Topical term or geographic name entry element Environmental geology.
942 ## - ADDED ENTRY ELEMENTS (KOHA)
Source of classification or shelving scheme Library of Congress Classification
Koha item type Books
Edition 3rd ed.
Suppress in OPAC No
999 ## -
-- 1979
-- 1979
Holdings
Withdrawn status Lost status Source of classification or shelving scheme Damaged status Not for loan Collection Home library Current library Shelving location Date acquired Total checkouts Full call number Barcode Date last seen Copy number Price effective from Koha item type
    Library of Congress Classification     Non-fiction Science Library (Miotso) Science Library (Miotso) General stacks 12/09/2024   QE167 MON SLM00001155 12/09/2024 1 12/09/2024 Books
    Library of Congress Classification     Non-fiction Science Library (Miotso) Science Library (Miotso) General stacks 12/09/2024   QE167 MON SLM00001156 12/09/2024 2 12/09/2024 Books
    Library of Congress Classification     Non-fiction Science Library (Miotso) Science Library (Miotso) General stacks 12/09/2024   QE167 MON SLM00001157 12/09/2024 3 12/09/2024 Books
    Library of Congress Classification     Non-fiction Science Library (Miotso) Science Library (Miotso) General stacks 12/09/2024   QE167 MON SLM00001158 12/09/2024 4 12/09/2024 Books
© 2023-2024 Copyright: Central University Libraries. All Rights Reserved | Created by: Mahone Tech Office